Mechanical engineering design : (Record no. 84269)

MARC details
000 -LEADER
fixed length control field 00620nam a22001937a 4500
005 - DATE AND TIME OF LATEST TRANSACTION
control field 20140728114758.0
010 ## - LCCN (DPL NO)
LC control number ENG-110013
020 ## - INTERNATIONAL STANDARD BOOK NUMBER
Terms of availability 450.00
International Standard Book Number 9788120349315
035 ## - SYSTEM CONTROL NUMBER
System control number EN-93546
037 ## - SOURCE OF ACQUISITION
Source of stock number/acquisition DBAD/PUB
082 ## - DEWEY DECIMAL CLASSIFICATION NUMBER
Classification number 621.815
100 ## - MAIN ENTRY--PERSONAL NAME
Personal name Siraj Ahmed
245 00 - TITLE STATEMENT
Title Mechanical engineering design :
Statement of responsibility, etc by Siraj Ahmed
Remainder of title principles and concepts /
260 ## - PUBLICATION, DISTRIBUTION, ETC. (IMPRINT)
Place of publication, distribution, etc Delhi
Name of publisher, distributor, etc PHI Learning
Date of publication, distribution, etc 2014
270 ## - ADDRESS
Address Rimjhim House, 111, Patparganj Indl. Estate
City Delhi
Postal code 110020
300 ## - PHYSICAL DESCRIPTION
Extent xxiv,564p.
Dimensions 24cm(pbk)
500 ## - GENERAL NOTE
General note Includes bibliographical references and index
942 ## - ADDED ENTRY ELEMENTS (KOHA)
Source of classification or shelving scheme Dewey Decimal Classification
Item type English Books
Call number suffix SIR
Classification part 621.815
Holdings
Withdrawn status Lost status Not for loan Collection code Home library Current library Date acquired Source of acquisition Cost, normal purchase price Full call number Barcode Copy number Cost, replacement price Koha item type
    Not For Loan Non-fiction D.B.Act.Division D.B.Act.Division 15/05/2014 DBAD/PUB 450.00 621.815 SIR EN-93546 1 450.00 English Books

© Delhi Public Library
Hit Counter
free hit counter